000 01117nam a2200277Ia 4500
003 OSt
005 20221005104748.0
006 a|||||r|||| 00| 0
007 ta
008 221004b |||||||| |||| 00| 0 hin d
020 _a9789380172538 (hbk)
_c400
024 _a8820
037 _b20480, 08/01/2014, Hindi Madhyam Karyanvyan Nideshalye
_cTextual
040 _aCRL
_cCRL
_bhin
041 _2hin
_ahin
082 _aNR44,2, 152Q0.2
100 _aत्रिवेदी, रागिनी
245 0 _aराग विबोधः मिश्रबानी
246 _aRāg vibodhah mishrabānī
260 _aदिल्ली
_bविश्वविद्यालय हिन्दी माध्यम कार्यान्वय निदेशालय भारत
_c2010
300 _a379पृ0
_ccm.
490 _vभाग 2
650 _aल्थ्ल्त् क्ल्ज्ञ
942 _hNR44,2, 152Q0.2
_cTEXL
_2cc
999 _c1013701
_d1013701